Construcción de la línea base de información ambiental para Colombia y elaboración del diagnóstico ambiental con corte a 2001 (Registro nro. 5225)

Detalles MARC
000 -CABECERA
Campo de control 00690nam a2200217 a 4500
005 - FECHA Y HORA DE LA ULTIMA TRANSACCION
Campo de control 20141204135405.0
008 - ELEMENTOS DE LONGITUD FIJA—INFORMACION GENERAL
Campo de control 140127b2002 ck ||||| |||| 00| 0 spa d
040 ## - FUENTE DE CATALOGACIÓN
Agencia transcriptora CO-BoIH
041 ## - IDIOMA
Código de idioma para texto/pista de sonido o título separado Español
044 ## - PAÍS DE PUBLICACIÓN
País de publicación Colombia
090 ## - CLASIFICACIÓN LOCAL
Colección IAVH
Consecutivo 00531
100 ## - ASIENTO PRINCIPAL--NOMBRE PERSONAL
Nombre personal Rudas Lleras, Guillermo
245 ## - MENCION DE TITULO
Título Construcción de la línea base de información ambiental para Colombia y elaboración del diagnóstico ambiental con corte a 2001
260 ## - PUBLICACION, DISTRIBUCION, ETC. (PIE DE IMPRENTA)
Lugar de publicación, distribución, etc. Bogotá
Nombre del editor, distribuidor, etc. Instituto Alexander von Humboldt
Fecha de publicación, distribución, etc. 2002
300 ## - DESCRIPCION FISICA
Extensión 360 p.
700 ## - ASIENTO SECUNDARIO - NOMBRE PERSONAL
Nombre personal Armenteras, Dolors
700 ## - ASIENTO SECUNDARIO - NOMBRE PERSONAL
Nombre personal Rodríguez, Nelly
700 ## - ASIENTO SECUNDARIO - NOMBRE PERSONAL
Nombre personal Romero, Milton Hernán
942 ## - ELEMENTOS ADICIONALES (KOHA)
Tipo de ítem Informe Técnico
Koha issues (borrowed), all copies 2
Sistema de clasificación Local
945 ## - PROCESAMIENTO LOCAL
AAAA-MM-DD - Fecha de ingreso o modificacion 2006-02-08
Existencias
Withdrawn status Lost status Sistema de Clasificación Damaged status No para préstamo Colección Inventariado Ubicación Permanente Ubicación actual Fecha de adquisición Fuente de Valor Total Checkouts Total Renewals Número topográfico Inventario / Código de Barras Date last seen Date checked out Ejemplar Price effective from Forma de adquisición Tipo de material
    Local     Humboldt Inventariado 2017 Bogotá Bogotá 08/02/2006 Armenteras, Dolors 3 1 IAVH-00531 023076 09/08/2024 10/12/2013 Ej. 1 04/12/2012   Informe Técnico